000 00716nam a2200217Ia 4500
005 20250508161032.0
008 008 250505s9999 xx 000 0 eng d
037 _aReference
040 _aFEDL
_beng
_cFEDL
041 _aeng
_2eng
084 _a016.0014, BUC
_qFEDL
100 _aBuch M. B. Ed.
245 0 _aSecond survey of research in education 1972-1978
245 0 _cIndia, Society for Educational Research and Development Baroda
260 _aBaroda, India
_bSociety for Educational Research and Development
_c1979
300 _a614p.
365 _aINR
_b1797.75
650 _aEducation - Research; Buch survey
_9770062
942 _cREF
_h016.0014, BUC
999 _c1368059
_d1368059